| 000 | 01022nam a2200277 a 4500 | ||
|---|---|---|---|
| 001 | BRCA_5290 | ||
| 005 | 20190320205023.0 | ||
| 008 | 021210c1968----nyuaf#####---#000-0#eng-# | ||
| 041 | _aeng | ||
| 044 | _anyu | ||
| 050 | 4 |
_aN7832 _b.G73 1968 |
|
| 100 | 1 |
_aGrabar, André _d1896-1990 _913560 |
|
| 245 | 1 | 0 |
_aChristian Iconography _ba Study of its Origins _cAndré Grabar. |
| 260 |
_aNueva York _bPrinceton University Press _c1968 |
||
| 300 |
_axlix, 174 p. (v.10) _bil. (algunas a color), 341 láminas _c27 cm. |
||
| 440 | 0 |
_aBollingen series XXXV _vvol. 10 _913561 |
|
| 500 | _aThe A. W. Mellon Lectures in the Fine Arts, 1961 ; The National Gallery of Art, Washington, D.C. | ||
| 500 | _aIncluye índice alfabético | ||
| 500 | _aSolo se cuenta con el volumen 10 | ||
| 500 | _aDonación Dr. Héctor Rivero Borrell Vázquez | ||
| 504 | _aBibliografía: 149-158 | ||
| 650 | 1 | 4 |
_aArte cristiano primitivo _xHistoria _913562 |
| 650 | 1 | 4 |
_aArte y simbolismo cristiano _xHistoria _913563 |
| 902 | _aDHR | ||
| 942 |
_2lcc _cB |
||
| 999 |
_c4984 _d4984 |
||